000 00745nam a2200229 i 4500
001 bg
100 1 _aBOCHENEK, Andrzej
245 1 0 _aElementy mechaniki pękania :
_bpodręcznik dla materiałoznawców.
_nCz. 1 /
_cAndrzej Bochenek ; Politechnika Częstochowska.
260 _aCzęstochowa :
_bWydaw. PC,
_c1998.
300 _a255 s. :
_brys., wykr. ;
_c24 cm +
_edyskietka.
504 _aBibliogr. przy rozdz. - Indeks.
650 9 _aWytrzymałość materiałów
_xzagadnienia
655 _aPodręczniki akademickie
710 0 _aPolitechnika Częstochowska
020 _a8371930216
040 _cBPK
041 0 _apl
080 _a620.17(075.8)
920 _a83-7193-021-6
942 _cKS
008 s pl f |000 0 pol
999 _c37835
_d37835
856 _uhttp://koha.tu.koszalin.pl/cgi-bin/koha/opac-detail.pl?biblionumber=37835
_yKatalog online BPK